000 00361nam a2200121Ia 4500
003 GCL
008 140319s9999 xx 000 0 ara d
040 _aGCL /
_cGCL
082 0 4 _a830.01
_bهـ ا
245 1 0 _aاحلام الناى اوانباء عجيبة من كوكب اخروقصص اخرى
300 _a122 ص
490 _aسلسلة المائة كتاب
_v0
999 _c39835
_d39835